Средства защитные для древесины. Технические условия: Сборник; ГОСТ 30495-97 Средства защитные для древесины. Общие технические условия; ГОСТ 20022.0-93 Защита древесины. Параметры защищенности; ГОСТ 2770-74 Масло каменноугольное для пропитки древесины. Технические условия; ГОСТ 13200-75 Хлорокись меди, 90%-ный смачивающий порошок. Технические условия; ГОСТ 28815-96 Растворы водные защитных средств для древесины. Технические условия

Bibliographic Details
Corporate Author: Российская Федерация Государственный комитет по стандартизации и метрологии (Госстандарт России)
Language:Russian
Published: Москва, Изд-во стандартов, 2002
Edition:Изд. официальное
TOC:ГОСТ 30495-97 Средства защитные для древесины. Общие технические условия;
ГОСТ 20022.0-93 Защита древесины. Параметры защищенности;
ГОСТ 2770-74 Масло каменноугольное для пропитки древесины. Технические условия;
ГОСТ 13200-75 Хлорокись меди, 90%-ный смачивающий порошок. Технические условия;
ГОСТ 28815-96 Растворы водные защитных средств для древесины. Технические условия;
Series:Государственные стандарты
Subjects:
Format: Book
KOHA link:https://koha.lib.tpu.ru/cgi-bin/koha/opac-detail.pl?biblionumber=45173

MARC

LEADER 00000nam0a2200000 4500
001 45173
005 20231031023758.0
035 |a (RuTPU)RU\TPU\book\46938 
090 |a 45173 
100 |a 20021204d2002 km y0rusy50 ca 
101 0 |a rus 
102 |a RU 
105 |a y l 000zy 
200 1 |a Средства защитные для древесины. Технические условия  |e Сборник 
205 |a Изд. официальное 
210 |a Москва  |c Изд-во стандартов  |d 2002 
215 |a 160 с. 
225 1 |a Государственные стандарты 
229 |a Сб. содержит стандарты, утвержденные до 1 июня 2002 г. 
464 |t ГОСТ 30495-97 Средства защитные для древесины. Общие технические условия 
464 |t ГОСТ 20022.0-93 Защита древесины. Параметры защищенности 
464 |t ГОСТ 2770-74 Масло каменноугольное для пропитки древесины. Технические условия 
464 |t ГОСТ 13200-75 Хлорокись меди, 90%-ный смачивающий порошок. Технические условия 
464 |t ГОСТ 28815-96 Растворы водные защитных средств для древесины. Технические условия 
610 1 |a деревообрабатывающая промышленность 
610 1 |a древесина 
610 1 |a защитные средства 
610 1 |a технические условия 
610 1 |a государственные стандарты 
610 1 |a ГОСТы 
675 |a 674.02  |v 3 
712 0 1 |a Российская Федерация  |b Государственный комитет по стандартизации и метрологии (Госстандарт России)  |c (1999-2004)  |2 stltpush  |3 (RuTPU)RU\TPU\col\12458 
801 1 |a RU  |b 63413507  |c 20021204  |g PSBO 
801 2 |a RU  |b 63413507  |c 20221202  |g PSBO 
942 |c BK